000 00515nam a2200205Ia 4500
003 0100
008 130227s9999 xx 000 0 und d
040 _cARRUPELIB
050 _aHB95.N462
245 4 _aThe invisible hand
245 _bthe new Palgrave
260 _aNew York
260 _bW.W. Norton
260 _C1989
300 _a283p.
300 _b 23 cm
650 _bMonastic & religious orders - Congresses
700 _aEatwell, John ; Milgate, Murray ; Newman, Peter (ed.)
942 _2lcc
_03
999 _c2557
_d2557